000 00320nam a22001457a 4500
008 231127b ||||| |||| 00| 0 eng d
020 _a0300045182
041 _aeng
080 _a101
082 _a101REI
100 _a44
101 _aFILOZ
245 _aJUSTICE MODERN MORD PHILOSOPHY
_cREIMAN.J
942 _2udc
_cBK
999 _c60537
_d60537